书目信息 |
| 题名: |
职业道德
|
|
| 作者: | 元三 著 | |
| 分册: | ||
| 出版信息: | 沈阳 辽宁人民出版社 1984.10 |
|
| 页数: | 370页 | |
| 开本: | 19cm | |
| 丛书名: | ||
| 单 册: | ||
| 中图分类: | B828.2 | |
| 科图分类: | ||
| 主题词: | 伦理学 | |
| 电子资源: | ||
| ISBN: | ||
| 000 | 00513nam0 2200205 45 | |
| 001 | 0303170990 | |
| 005 | 20040424101108.6 | |
| 010 | @dCNY0.93 | |
| 091 | @a3090.712 | |
| 100 | @a20030317d1984 km y0chiy0120 ea | |
| 101 | 0 | @achi |
| 105 | @a z 000yy | |
| 200 | 1 | @a职业道德@AZhi Ye Dao De@f元三著@FYuan San Zhu |
| 210 | @a沈阳@c辽宁人民出版社@d1984.10 | |
| 215 | @a370页@d19cm | |
| 606 | 0 | @a伦理学 |
| 690 | @aB828.2@v3 | |
| 701 | 0 | @a元三@4著 |
| 801 | @aCN@bTSTC@c20030317 | |
| 905 | @dB828.2@e42@f1@b128214 | |
| 职业道德/元三著.-沈阳:辽宁人民出版社,1984.10 |
| 370页;19cm |
| ISBN :CNY0.93 |
| ● |
| 相关链接 |
|
|
|
|
正题名:职业道德
索取号:B828.2/42
 
预约/预借
| 序号 | 登录号 | 条形码 | 馆藏地/架位号 | 状态 | 备注 |
| 1 | 0128214 | 000056940 | 第一样本阅览室/ [索取号:B828.2/42] | 在馆 | |
| 2 | 0128215 | 001764969 | 密集书库/ [索取号:B828.2/42] | 在馆 |